Ein deutscher Kommunist : Ruckblicke und Perspektiven aus der Isolation /

Bibliographic Details
Main Author: Havemann, Robert
Other Authors: Wilke, Manfred
Format: Book
Language:German
Published: Reinbek bei Hamburg : Rowohlt, 1978.
Subjects:

MARC

Tag First Indicator Second Indicator Subfields
LEADER 00000cam a2200000 i 4500
001 in00000068122
005 20151008051338.0
008 791116s1978 gw 00010ager
010 |a  79385929  
015 |a GFR*** 
020 |a 3498028464 :  |c DM16.80 
035 |a (OCoLC)05094578 
035 |9 AAG7318AM 
040 |a DLC  |c DLC  |d TXA  |d UtOrBLW 
049 |a TXAM  |c [1405537] 
050 0 0 |a HX280.5.A8  |b H383 
082 0 |a 335.43/092/4  |a B 
100 1 |a Havemann, Robert. 
245 1 4 |a Ein deutscher Kommunist :  |b Ruckblicke und Perspektiven aus der Isolation /  |c Robert Havemann ; Herausgegeben von Manfred Wilke ; mit einem Nachwort von Lucio Lombardo Radice. 
264 1 |a Reinbek bei Hamburg :  |b Rowohlt,  |c 1978. 
300 |a 158 pages ;  |c 19 cm. 
336 |a text  |b txt  |2 rdacontent 
337 |a unmediated  |b n  |2 rdamedia 
338 |a volume  |b nc  |2 rdacarrier 
500 |a 11.-20. Tausend Oktober 1978. 
600 1 0 |a Havemann, Robert. 
650 0 |a Communists  |z Germany (East)  |v Biography. 
700 1 |a Wilke, Manfred. 
999 |a MARS 
999 f f |s 67cc8478-f7d6-3863-a633-3ea51a4e2046  |i ecdfdcaf-43c5-36ee-9016-6305b418b8ee  |t 0 
952 f f |p ric  |a Texas A&M University  |b Rellis Campus  |c Joint Library Facility  |d Remote Storage  |t 0  |e HX280.5.A8 H383  |h Library of Congress classification  |i unmediated -- volume  |m A14803056748 
998 f f |a HX280.5.A8 H383  |t 0  |l Remote Storage